000 00579nam a2200181Ia 4500
005 20260429112235.0
008 260429s9999||||xx |||||||||||||| ||und||
020 _a9789348033239
041 _aHindi
082 _a891.443
_bSAN
100 _aसांकृत्यायन, राहुल
245 0 _aदिवोदास /
_cराहुल सांकृत्यायन
250 _a1st ed.
260 _aनई दिल्ली :
_bप्रकाशन संस्थान,
_c2024.
300 _a112 p.; Hb
650 _aHindi Literature
942 _cTB
999 _c53073
_d53073